Регионална библиотека "Любен Каравелов" - Русе

DIE "SCHUTZENDE" MASKE (Запис номер 345108)

MARC детайли
000 -Лидер
Контролно поле с фиксирана дължина 00602nas a2200205 a 4500
003 - Код на организацията, давaща контролен номер
Контролно поле BLK
005 - Дата и час на последна редакция
Контролно поле 20220325110113.0
008 - Елементи от данни с фиксирана дължина
fixed length control field 190915d |||p| |||| 00| c|bul d
010 ## - Наследен системен номер
LC control number 000147
040 ## - Източник на каталожния запис
Идентификатор на билиотеката - собственик на записа BLK
041 ## - Код за език
Код за езика на текст/звукозапис или на отделно заглавие Немски
Код за езика КДБФ Български
080 ## - УДК
УДК - код + определител 39(05)
245 10 - Сведения за заглавието
Заглавие DIE "SCHUTZENDE" MASKE
260 ## - Област на издателските данни
Място на издаване, разпространение и проч. Berlin
Година на издаване б. г.
490 ## - СЕРИИ (Колекции)
Име на серия Частна колекция - Академик Михаил Арнаудов
Бележки за серията Дарение - Основен фонд
500 ## - Общи забележки
Забележка Броят е разкъсан и налице само 2 л.
505 ## - Форматирана забележка
Подзаглавни данни отделна статия от в-ка
650 ## - Допълнително описание по предмет – тема
Основно описание – тема или топоним Етнология
9 (RLIN) 155182
650 #4 - Допълнително описание по предмет – тема
Основно описание – тема или топоним Печат
9 (RLIN) 166209
852 ## - Местоположение
Форматна сигнатура МА 4674
999 ## - СИСТЕМНИ КОНТРОЛНИ НОМЕРА
Koha biblionumber 345108
Koha biblioitemnumber 345108
942 ## - АРТИКУЛИ
Вид на библиотечния материал Списания
Скрит в OPAC Не
Периодичен библиозапис Да
999 ## - СИСТЕМНИ КОНТРОЛНИ НОМЕРА
Koha biblioitemnumber 345108
999 ## - СИСТЕМНИ КОНТРОЛНИ НОМЕРА
Koha biblioitemnumber 345108
Наличности
Код за отписване Код за изгубен артикул Източник на класификационната схема Код за повреда Код за отдаване Артикулен № Име на библиотеката - собственик Име на библиотеката, в която се намира в момента Статус (Текущо местоположение) Дата на вписване в системата Местоположение - отдел Цена в лева Инвентарен номер Систематично азбучна сигнатура Баркод Цена в евро Служебен тип на артикула
  Не е изгубен Universal Decimal Classification Не е повреден ползва се в читалня 747413 Регионална библиотека "Любен Каравелов" Русе Регионална библиотека "Любен Каравелов" Русе Фонд "Михаил Арнаудов" 2019-10-16 Фонд "Михаил Арнаудов" 0.50 703886 МА 4674 130000703886 0.26 Списания
Vip Innovations Ltd, Rousse, Bulgaria 2025